000 02605nam a2200313 a 4500
001 ASIN023115299X
005 20170105102922.0
008 131209s2012 xxu eng d
020 _a023115299X (paperback)
_c$20.00
020 _a9780231152990 (paperback)
040 _a0
100 1 _aAgamben, Giorgio.
245 1 0 _aDemocracy in what state? /
_cGiorgio Agamben, Alain Badiou, Daniel Bensaid, Wendy Brown, Jean-Luc Nancy, Jacques Ranciere, Kristin Ross, Slavoj Žižek, William McCuaig
260 _a[S.l.] :
_bColumbia University Press,
_c2012
300 _a144 p. ;
_c21 cm
490 _aNew directions in critical theory
520 _a"Is it meaningful to call oneself a democrat? And if so, how do you interpret the word?" In responding to this question, eight iconoclastic thinkers prove the rich potential of democracy, along with its critical weaknesses, and reconceive the practice to accommodate new political and cultural realities. Giorgio Agamben traces the tense history of constitutions and their coexistence with various governments. Alain Badiou contrasts current democratic practice with democratic communism. Daniel Bensaid ponders the institutionalization of democracy, while Wendy Brown discusses the democratization of society under neoliberalism. Jean-Luc Nancy measures the difference between democracy as a form of rule and as a human end, and Jacques Rancière highlights its egalitarian nature. Kristin Ross identifies hierarchical relationships within democratic practice, and Slavoj Zizek complicates the distinction between those who desire to own the state and those who wish to do without it. Concentrating on the classical roots of democracy and its changing meaning over time and within different contexts, these essays uniquely defend what is left of the left-wing tradition after the fall of Soviet communism. They confront disincentives to active democratic participation that have caused voter turnout to decline in western countries, and they address electoral indifference by invoking and reviving the tradition of citizen involvement. Passionately written and theoretically rich, this collection speaks to all facets of modern political and democratic debat
700 _aBadiou, Alai
700 _aBensaid, Danie
700 _aBrown, Wend
700 _aNancy, Jean-Lu
700 _aRanciere, Jacque
700 _aRoss, Kristi
700 _aŽižek, Sla
700 _aMcCuaig, Will
830 _aNew directions in critical the
856 _3Amazon.com
_uhttp://www.amazon.com/exec/obidos/ASIN/023115299X/chopaconlin
942 _2ddc
_cBK
999 _c15641
_d15641